书目信息 |
| 题名: |
实用商务英语写作教程
|
|
| 作者: | 董晓波 主编 | |
| 分册: | ||
| 出版信息: | 北京 北京交通大学出版社 2008.02 |
|
| 页数: | 263页 | |
| 开本: | 24cm | |
| 丛书名: | 全新立体化商务英语系列教程 | |
| 单 册: | ||
| 中图分类: | H315 | |
| 科图分类: | ||
| 主题词: | 商务--shang wu--英语--写作--教材 | |
| 电子资源: | ||
| ISBN: | 978-7-81123-223-3 | |
| 000 | 00974nam 2200253 450 | |
| 001 | 012008812197 | |
| 005 | 20181214104034.20 | |
| 010 | @a978-7-81123-223-3@dCNY25.00 | |
| 100 | @a20080507d2008 em y0chiy0120 ea | |
| 101 | 0 | @achi@aeng |
| 102 | @aCN@b110000 | |
| 105 | @ay a 000yy | |
| 200 | 1 | @a实用商务英语写作教程@Ashi yong shang wu ying yu xie zuo jiao cheng@f董晓波主编@Fdong xiao bo zhu bian |
| 210 | @a北京@c北京交通大学出版社@d2008.02 | |
| 215 | @a263页@d24cm | |
| 225 | 2 | @a全新立体化商务英语系列教程@Aquan xin li ti hua shang wu ying yu xi lie jiao cheng |
| 320 | @a有书目 (第262-263页) | |
| 330 | @a本书从各种商务写作实践入手,致力于解决学习者在商务英语写作中面临的主要问题,涉及主题范围广,大量写作实例来源于最新商务案例。 | |
| 410 | 0 | @12001 @a全新立体化商务英语系列教程 |
| 606 | 0 | @a商务@Ashang wu@x英语@x写作@j教材 |
| 690 | @aH315@v4 | |
| 701 | 0 | @a董晓波@Adong xiao bo@4主编 |
| 801 | 0 | @aCN@bQSSK@c20080507 |
| 905 | @b706661-63@dH315@eD740@f3 | |
| 实用商务英语写作教程/董晓波主编.-北京:北京交通大学出版社,2008.02 |
| 263页;24cm.-(全新立体化商务英语系列教程) |
| ISBN 978-7-81123-223-3:CNY25.00 |
| 本书从各种商务写作实践入手,致力于解决学习者在商务英语写作中面临的主要问题,涉及主题范围广,大量写作实例来源于最新商务案例。 |
| ● |
| 相关链接 |
|
|
|
正题名:实用商务英语写作教程
索取号:H315/D740
 
预约/预借
| 序号 | 登录号 | 条形码 | 馆藏地/架位号 | 状态 | 备注 |
| 1 | 1282276 | 212822766 | 语言库209/209语言库 6排1列3层/ [索取号:H315/D740] | 在馆 | |
| 2 | 706661 | 207066618 | 语言库209/209语言库 6排1列3层/ [索取号:H315/D740] | 在馆 | |
| 3 | 706662 | 207066627 | 语言库209/209语言库 6排1列3层/ [索取号:H315/D740] | 在馆 | |
| 4 | 706663 | 207066636 | 语言库209/209语言库 6排1列3层/ [索取号:H315/D740] | 在馆 |